<?xml version="1.0" encoding="UTF-8"?>
<marc:record xmlns:marc="http://www.loc.gov/MARC21/slim">
   <marc:leader>00000nam a2200000 a 4500</marc:leader>
   <marc:datafield ind1="1" ind2=" " tag="100">
      <marc:subfield code="a">Schaffer, Lena</marc:subfield>
      <marc:subfield code="4">aut</marc:subfield>
      <marc:subfield code="e">Verfasser/-in</marc:subfield>
   </marc:datafield>
   <marc:datafield ind1=" " ind2=" " tag="653">
      <marc:subfield code="a">Schule und Kindergarten (Themen- und problemorientierte Bilderbücher für Kinder)</marc:subfield>
   </marc:datafield>
   <marc:datafield ind1=" " ind2=" " tag="653">
      <marc:subfield code="a">Fremde Kulturen</marc:subfield>
   </marc:datafield>
   <marc:datafield ind1=" " ind2=" " tag="653">
      <marc:subfield code="a">Andere Länder</marc:subfield>
   </marc:datafield>
   <marc:datafield ind1="0" ind2="0" tag="245">
      <marc:subfield code="a">Wir gehen zur Schule!</marc:subfield>
   </marc:datafield>
   <marc:datafield ind1="0" ind2="0" tag="245">
      <marc:subfield code="b">Von Kenia bis Amerika</marc:subfield>
   </marc:datafield>
   <marc:datafield ind1=" " ind2="1" tag="264">
      <marc:subfield code="b">Gerstenberg Hildesheim</marc:subfield>
      <marc:subfield code="c">2019</marc:subfield>
   </marc:datafield>
   <marc:datafield ind1="1" ind2=" " tag="520">
      <marc:subfield code="a">Wenn Kinder bei uns in die Schule wollen, setzen sie sich morgens in den Schulbus, steigen aufs Fahrrad oder werden von ihren Eltern mit dem Auto gebracht. Doch wie ist das in anderen Ländern und Erdteilen? In diesem Buch machen wir uns gemeinsam auf den Weg und erleben, wie Kinder in Kenia und Amerika, Indien, Argentinien, Papua-Neuguinea, in der Schweiz und in der Arktis zum Unterricht gelangen. Ob Krokodile, Eisbären oder die überfüllten Straßen Indiens: Am Ende ist auch der weiteste Schulweg geschafft, die Kinder sind in ihrem Klassenzimmer angekommen, und der Unterricht kann beginnen! Das informative, fröhlich-bunt illustrierte Sachbilderbuch lässt Vor- und Grundschulkinder über den eigenen Tellerrand blicken und am Leben von Kindern in anderen Kulturen teilhaben.</marc:subfield>
   </marc:datafield>
   <marc:datafield ind1=" " ind2=" " tag="020">
      <marc:subfield code="a">9783836960052</marc:subfield>
      <marc:subfield code="9">9783836960052</marc:subfield>
   </marc:datafield>
</marc:record>
